000 00904cam a2200289 a 4500
999 _c817
_d817
001 00168339
003 OCoLC
005 20191220104236.0
008 090709r20082001enka j 000 1 eng
020 _a9780552557832 (pbk.)
020 _a0552557838 (pbk.)
035 _aUM035772
035 _a(OCoLC)183916269
040 _aNTPU
_cKH8
042 _anbic
082 _aFIC WIL
100 1 _aWilson, Jacqueline.
_eauthor
245 1 0 _aSleepovers /
_cJacqueline Wilson ; illustrated by Nick Sharratt.
260 _aLondon :
_bYoung Corgi Books/Random House Children's Books,
_c2008, c2001.
300 _a[112] p. :
_bill. ;
_c20 cm.
500 _aOriginally published: Great Britain: Doubleday, 2001.
650 0 _aSleepovers
_vJuvenile fiction.
650 0 _aLearning disabled
_vJuvenile fiction.
655 0 _aChildren's stories.
700 1 _aSharratt, Nick.
_eIllustration
942 _2ddc
_cFIC